| 000 | 00663nam a2200133Ia 4500 | ||
|---|---|---|---|
| 008 | 171212s9999 xx 000 0 und d | ||
| 020 | _a9780833080783 | ||
| 100 | _aNemfakos, Charles;Rostker, Bernard D.;Conley, Raymond E.;Young, Stephanie;Williams, William A. | ||
| 245 |
_cNemfakos, Charles;Rostker, Bernard D.;Conley, Raymond E.;Young, Stephanie;Williams, William A. _aWorkforce Planning in the Intelligence Community _bA Retrospective |
||
| 260 |
_bRAND Corporation _c2013 |
||
| 650 | _aIntelligence service -- United States -- Personnel management | ||
| 650 | _aManagement & Organizational Behavior | ||
| 856 | _uhttp://www.jstor.org/stable/10.7249/j.ctt5hhvdj | ||
| 999 |
_c352824 _d352824 |
||